[Event "Jaffna op"]
[Site "Jaffna"]
[Date "2023.12.11"]
[Round "7"]
[White "Deshmukh, Anup"]
[Black "Minsara, SD Sadev"]
[Result "1-0"]
[WhiteElo "2137"]
[BlackElo "1406"]
[PlyCount "159"]
[EventDate "2023.12.08"]
[EventType "swiss"]
[EventRounds "10"]
[EventCountry "SRI"]
[SourceTitle "CBM 217 Extra"]
[Source "ChessBase"]
[SourceDate "2024.01.31"]
[SourceVersion "1"]
[SourceVersionDate "2024.01.31"]
[SourceQuality "1"]

1. c4 c5 2. Nf3 Nc6 3. Nc3 g6 4. e3 e5 5. d4 cxd4 6. exd4 exd4 7. Nxd4 a6 8. Be2 Bg7 9. Be3 Nge7 10. 0-0 0-0 11. Rc1 d5 12. cxd5 Nxd5 13. Nxd5 Nxd4 14. Bxd4 Qxd5 15. Bxg7 Qxd1 16. Rfxd1 Kxg7 17. Rc7 Rb8 18. Bc4 b5 19. Bb3 Rb6 20. Bxf7 Rxf7 21. Rxc8 Re7 22. Kf1 Rbe6 23. Rc2 Rf7 24. g3 g5 25. h3 Rff6 26. Rd7+ Rf7 27. Rxf7+ Kxf7 28. Kg2 Kf6 29. Kf3 h6 30. h4 Rd6 31. hxg5+ hxg5 32. Kg4 Kg6 33. f4 gxf4 34. gxf4 Kf6 35. Rh2 Kg7 36. Kf5 Rd1 37. Rc2 Rd6 38. Rc7+ Kf8 39. Ra7 b4 40. b3 Rc6 41. Ke4 Re6+ 42. Kd5 Rf6 43. Ke5 Rb6 44. f5 Rb5+ 45. Kf6 Rb6+ 46. Kg5 Rc6 47. Rb7 Rc2 48. Rxb4 Rxa2 49. Kf6 Ke8 50. Re4+ Kf8 51. Ra4 Rh2 52. Rb4 Rh6+ 53. Ke5 Rc6 54. Rb8+ Kf7 55. Rb7+ Kf8 56. b4 Ke8 57. Ke4 Kf8 58. Kd5 Rf6 59. Rb8+ Kf7 60. Ke5 Rc6 61. Rb7+ Kf8 62. f6 Rc1 63. Rb6 Re1+ 64. Kd5 Rd1+ 65. Kc6 Ra1 66. Kc5 Kf7 67. Rd6 a5 68. b5 a4 69. Ra6 a3 70. Kb6 a2 71. Ra4 Kxf6 72. Ka6 Ke7 73. b6 Kd7 74. b7 Rb1 75. Rxa2 Kc7 76. Rc2+ Kd7 77. Ka7 Ra1+ 78. Kb8 Rb1 79. Ra2 Rb6 80. Ka7 1-0

[Event "Jaffna op"]
[Site "Jaffna"]
[Date "2023.12.10"]
[Round "5"]
[White "Viththiyatharan, S."]
[Black "Minsara, SD Sadev"]
[Result "0-1"]
[WhiteElo "1719"]
[BlackElo "1406"]
[PlyCount "82"]
[EventDate "2023.12.08"]
[EventType "swiss"]
[EventRounds "10"]
[EventCountry "SRI"]
[SourceTitle "CBM 217 Extra"]
[Source "ChessBase"]
[SourceDate "2024.01.31"]
[SourceVersion "1"]
[SourceVersionDate "2024.01.31"]
[SourceQuality "1"]

1. d4 Nf6 2. Nf3 d5 3. c4 e6 4. Nc3 Bb4 5. a3 Bxc3+ 6. bxc3 Nbd7 7. Qc2 b6 8. cxd5 exd5 9. Bg5 h6 10. Bh4 0-0 11. e3 c6 12. c4 Ba6 13. Bd3 Rc8 14. 0-0 Bxc4 15. Bxc4 dxc4 16. Qxc4 c5 17. Rfd1 Qc7 18. Bg3 Qb7 19. Ne5 Nxe5 20. Bxe5 Nd7 21. Bd6 Rfe8 22. dxc5 Nxc5 23. Qg4 Qe4 24. Qg3 Re6 25. Rd4 Qc6 26. Rad1 Ne4 27. Rxe4 Qxe4 28. Bb4 Rg6 29. Qh3 Qg4 30. Qxg4 Rxg4 31. f3 Rgc4 32. Rd3 a5 33. Bd2 Rc2 34. e4 Rb2 35. Kf2 b5 36. Ke3 b4 37. axb4 axb4 38. g4 b3 39. h4 Rb8 40. Rc3 Rxd2 41. Kxd2 b2 0-1